| 000 | 00906nam a22002417a 4500 | ||
|---|---|---|---|
| 005 | 20240530110525.0 | ||
| 008 | 160302s2013 ua g b 000 0 ara d | ||
| 017 |
_a2012/23457 _bمصر . دار الكتب المصرية |
||
| 020 | _a9789774312605 | ||
| 040 | _aEG-CaGPL | ||
| 082 | 0 | 4 |
_221 _a374.0124\ _bم د |
| 100 | 0 | _aمحمد مصطفى عبداللطيف | |
| 245 | 1 | 0 |
_aدراسة مقارنة فى برامج محو الامية / _cتاليف محمد مصطفى عبداللطيف |
| 250 | _aط1 | ||
| 260 |
_aالقاهرة : _bمؤسسة طيبة للنشر و التوزيع ، _c2013 . |
||
| 300 |
_a281 ص ؛ _c24 سم . |
||
| 504 | _aيشتمل على ارجاعات ببليوجرافية | ||
| 650 | 0 | 4 | _aمحو الامية |
| 650 | 0 | 4 | _aالتعليم الذاتى |
| 650 | 0 | 4 | _aتعليم الكبار |
| 942 |
_2ddc _cBK |
||
| 999 |
_c61985 _d61985 |
||